| 000 | 00432nam a2200169Ia 4500 | ||
|---|---|---|---|
| 005 | 20140407093849.0 | ||
| 008 | 140130s9999 xx 000 0 und d | ||
| 050 |
_aTL 230.15 _b.K67 1993 |
||
| 245 |
_cJustine Korman _aTonka/Working Hard/Mighty Dump |
||
| 260 |
_bScholastic, _c1993 |
||
| 300 |
_a1 v. (unpaged) : _bcol. ill. ; _c20 cm. |
||
| 440 | _v1 | ||
| 521 | _aG5 | ||
| 526 | _c730 | ||
| 942 |
_cBK _2lcc |
||
| 999 |
_c41065 _d41065 |
||